000
00200 a2200097 4500
001
1014
100
_a
Cotton,H.
245
_a
Electrical principles
260
_a
_b
Cleaver Hume
_c
090
_c
586
_d
586
942
_a
NUST-CAE
_c
M
_c
32333
999
_c
236087
_d
236087